Total quality learning:building a learning organisation

Bibliographic Details
Main Author: Lessem, Ronnie
Format: Book
Published: Oxford : Blackwell Publishers , 1994
Subjects:

MARC

LEADER 00000cam a2200000 7i4500
001 0000002855
005 20021106.0
020 |a 0631193065 
040 |a INS 
090 0 0 |a HD31.   |b L384 1994 
100 1 |a Lessem, Ronnie 
245 1 0 |a Total quality learning:building a learning organisation   |c Ronnie Lessem 
260 |a Oxford :   |b Blackwell Publishers ,   |c 1994 
300 |a 299 p. ;   |c 22.5 cm. 
650 0 0 |a Management 
650 0 0 |a Organizational change 
999 |a 0000005759   |b BOOK   |c Open Shelf   |e Default branch